00449nmm a2200145Ia 4500008004100000020001800041041000800059100002300067245005000090264005100140300001800191490002100209650002200230856005100252251105s9999||||xx |||||||||||||||||und|| a9788416023417 aspa aPont, Jose María 0aBanderillas negras :b Una novela irreverente a[Madrid, España] :bKailas Editorial, c2015 a232 páginas aKailas Ficción aSpanish narrative uhttps://public.digitaliapublishing.com/a/87228